Die häufigsten Bäume Deutschlands - Statistiken

Allgemein
  • Dieses Quiz wurde 1.838 mal gespielt
  • Das Durchschnittsergebnis liegt bei 15 aus 27
Antwortstatistiken
Antwort % Korrekt
E Eiche
93%
A Ahorn
92%
B Buche
92%
T Tanne
89%
B Birke
88%
F Fichte
87%
K Kastanie
76%
K Kiefer
72%
U Ulme
71%
E Esche
68%
L Lärche
62%
L Linde
62%
W Weide
62%
E Erle
60%
P Pappel
58%
E Eibe
54%
A Apfelbaum
52%
H Hasel
50%
K Kirschbaum
41%
E Eberesche
30%
B Birnbaum
29%
H Hainbuche
22%
R Robinie
18%
W Wacholder
17%
W Weißdorn
9%
S Stechpalme
7%
S Schwarzdorn
4%
Keine übereinstimmenden Quizze gefunden
Verteilung der Resultate
Anzahl Personen mit jedem Resultat
Perzentil nach korrekt beantworteten Fragen
Ihre Resultats-Entwicklung
Sie haben dieses Quiz noch nicht gespielt